000 00741nam a2200229 a 4500
001 000043204
005 20260120073951.0
008 140225s201u dr 000 0 spa d
040 _aDO-SdBNP
_bspa
_cBNPHU
082 _a248.4
_bA696m
100 1 _aArias, Miguel Ángel
_970794
245 1 0 _aMotivaciones con sabiduria /
_cMiguel Ángel Arias.
260 _a[Santo Domingo] :
_bMinisterio Sabiduría De lo Alto,
_c[201-?].
300 _a238 p. ;
_c18 cm.
500 _aIncluye datos biográficos del autor en la contraportada.
590 _aInventariado, 2018/BT
650 0 _aVida espiritual
_9268
650 4 _aEvangelización
_9476
650 0 _aVida cristiana
_9668
910 _aValidado. Control de calidad. EMS
049 _aBNPD
999 _c42693
_d42693